<?xml version="1.0" encoding="UTF-8"?>
<collection xmlns="http://www.loc.gov/MARC21/slim">
 <record>
  <leader>01444nam a22002177a 4500</leader>
  <controlfield tag="001">NCT_28880</controlfield>
  <controlfield tag="008">180412b        xxu||||| |||| 00| 0 vie d</controlfield>
  <datafield tag="999" ind1=" " ind2=" ">
   <subfield code="c">1387</subfield>
   <subfield code="d">1387</subfield>
  </datafield>
  <datafield tag="020" ind1=" " ind2=" ">
   <subfield code="c">500000</subfield>
  </datafield>
  <datafield tag="082" ind1="0" ind2="4">
   <subfield code="2">23rd ed.</subfield>
   <subfield code="a">617</subfield>
   <subfield code="b">Đ250</subfield>
  </datafield>
  <datafield tag="100" ind1="1" ind2=" ">
   <subfield code="a">Đặng Hanh Đệ</subfield>
   <subfield code="e">Chủ biên</subfield>
  </datafield>
  <datafield tag="245" ind1="1" ind2=" ">
   <subfield code="a">Chẩn đoán và điều trị các bệnh ngoại khoa</subfield>
   <subfield code="c">Đặng Hanh Đệ</subfield>
  </datafield>
  <datafield tag="260" ind1=" " ind2=" ">
   <subfield code="a">H</subfield>
   <subfield code="b">Giáo dục Việt Nam</subfield>
   <subfield code="c">2013</subfield>
  </datafield>
  <datafield tag="300" ind1=" " ind2=" ">
   <subfield code="a">951tr.</subfield>
   <subfield code="b">minh họa</subfield>
   <subfield code="c">27cm</subfield>
  </datafield>
  <datafield tag="520" ind1="3" ind2=" ">
   <subfield code="a">Chẩn đoán và điều trị các bệnh ngoại khoa là cuốn sách đã được GS.TS.BS. Đặng Hanh Đệ và các nhà giáo giàu kinh nghiệm cùa Bộ môn Ngoại Trường Đại học Y Hà Nội biên soạn theo đúng phương châm cung cấp kiến thức cơ bản, hệ thống, nội dung và thuật ngữ chính xác, cập nhật tiến bộ khoa học - kỹ thuật hiện đại và thực tiễn Việt Nam.</subfield>
  </datafield>
  <datafield tag="653" ind1=" " ind2=" ">
   <subfield code="a">Y đa khoa</subfield>
  </datafield>
  <datafield tag="710" ind1="2" ind2=" ">
   <subfield code="a">Bộ Y tế</subfield>
  </datafield>
  <datafield tag="942" ind1=" " ind2=" ">
   <subfield code="2">ddc</subfield>
   <subfield code="c">BK</subfield>
  </datafield>
  <datafield tag="952" ind1=" " ind2=" ">
   <subfield code="0">0</subfield>
   <subfield code="1">0</subfield>
   <subfield code="2">ddc</subfield>
   <subfield code="4">0</subfield>
   <subfield code="6">617_000000000000000_Đ250</subfield>
   <subfield code="7">0</subfield>
   <subfield code="9">6821</subfield>
   <subfield code="a">000001</subfield>
   <subfield code="b">000001</subfield>
   <subfield code="d">2018-04-12</subfield>
   <subfield code="o">617 Đ250</subfield>
   <subfield code="p">MD.10761</subfield>
   <subfield code="r">2018-04-12</subfield>
   <subfield code="v">500000.00</subfield>
   <subfield code="w">2018-04-12</subfield>
   <subfield code="y">BK</subfield>
  </datafield>
  <datafield tag="952" ind1=" " ind2=" ">
   <subfield code="0">0</subfield>
   <subfield code="1">0</subfield>
   <subfield code="2">ddc</subfield>
   <subfield code="4">0</subfield>
   <subfield code="6">617_000000000000000_Đ250</subfield>
   <subfield code="7">0</subfield>
   <subfield code="9">15375</subfield>
   <subfield code="a">000001</subfield>
   <subfield code="b">000001</subfield>
   <subfield code="d">2019-02-13</subfield>
   <subfield code="o">617 Đ250</subfield>
   <subfield code="p">MD.14220</subfield>
   <subfield code="r">2019-02-13</subfield>
   <subfield code="v">500000.00</subfield>
   <subfield code="w">2019-02-13</subfield>
   <subfield code="y">BK</subfield>
  </datafield>
  <datafield tag="980" ind1=" " ind2=" ">
   <subfield code="a">Thư viện Trường Đại học Nam Cần Thơ</subfield>
  </datafield>
 </record>
</collection>
